000
00312nam a22001337a 4500
008
170220b xxu||||| |||| 00| 0 eng d
020
_a
0966051084
041
_a
eng
080
_2
14TH
_a
615
100
_a
5
101
_a
SHM
245
_a
DRUGS OF CHOICE FROM THE MEDICAL LETTER
_c
ABRAMOWICZ, M
942
_2
udc
_c
BK
999
_c
5814
_d
5814